Consideración sobre el análisis y diseño de rampas y escaleras helicoidales de concreto reforzado
El presente trabajo monográfico pretende servir de guía para el análisis y el diseño de elementos helicoidales, en especial ramas y escaleras de concreto reforzado de una manera sencilla y sistemática para aquellos que tengan interés sobre este tema.
| Main Author: | |
|---|---|
| Other Authors: | |
| Format: | Tesis Section = Libro |
| Language: | Undetermined Spanish |
| Published: |
Guatemala
USAC-G
1979
|
| Subjects: |
| LEADER | 00947nam a2200205Ia 4500 | ||
|---|---|---|---|
| 008 | 240830s9999 xx 000 0 und d | ||
| 040 | |a BIBLIOTECA-RUSB/ Mon 690.18 Ch454 | ||
| 041 | |a spa | ||
| 082 | |a Mon 690.18 Ch454 | ||
| 100 | 1 | |a Chang Campang, Roberto | |
| 245 | 1 | 0 | |a Consideración sobre el análisis y diseño de rampas y escaleras helicoidales de concreto reforzado |
| 260 | |a Guatemala |b USAC-G |c 1979 | ||
| 300 | |a 106 p. :il. | ||
| 502 | |a Tesis (Ingeniero Civil) - USAC-G, 1979. | ||
| 520 | 3 | |a El presente trabajo monográfico pretende servir de guía para el análisis y el diseño de elementos helicoidales, en especial ramas y escaleras de concreto reforzado de una manera sencilla y sistemática para aquellos que tengan interés sobre este tema. | |
| 650 | 7 | |a ESCALERAS Y RAMPAS - COSNTRUCCION - ANALISIS DE ESTRUCTURAS (INGENIERIA) I | |
| 700 | 1 | |a Tutor: |b Chang Liang, Victor | |
| 942 | |c BK |2 ddc | ||
| 991 | |a TESIS | ||
| 999 | |c 20791 | ||